| 000 | 00806nam a22002411 4500 | ||
|---|---|---|---|
| 001 | 143610 | ||
| 003 | SpMaBN | ||
| 005 | 20240306063007.0 | ||
| 008 | 900725s1940 sp spa | ||
| 016 | 7 |
_abimoBNE19980236911 _2SpMaBN |
|
| 035 | _aIND9100238061 | ||
| 035 | _a(OCoLC)431648610 | ||
| 040 |
_aSpMaBN _bspa _cA2 _dES-MaACL |
||
| 110 | 1 |
_aEspaña. _bDirección General de Agricultura _93699 _eaut |
|
| 245 | 1 | 4 |
_aLos servicios agrícolas y pecuarios de la Diputación de Vizcaya / _cDirección General de Agricultura |
| 260 |
_aMadrid : _b[s.n. , _cca. 1940] _f(Imp. de Julio Cosano) |
||
| 300 |
_a23 p. ; _c23 cm |
||
| 500 | _aGrab. intercal. | ||
| 650 | 4 |
_99680 _aAgricultura- _zEspaña |
|
| 942 |
_2udc _cMONOGRAFIA _n0 |
||
| 999 |
_c143610 _d143610 |
||